000 00610nam a2200217Ia 4500
005 20241129111448.0
008 241129s9999||||xx |||||||||||||| ||und||
020 _a978-93-93998-43-9
037 _aTB
040 _aCRL
_beng
_cCRL
041 _aurd
_2urd
084 _aO168,1NSU:g R3
_qCRL
100 _aRizwan Khan Mohammad Au.
245 0 _aTazkira-e-Sayed Abdul Baari
_cRizwan Khan Mohammad Au.
260 _aDelhi, Indiaq
_bArshia Publications q
_c2023
300 _a453p.
365 _aINR
_b450
650 _aUrdu Poetry
942 _cTB
_hO168,1NSU:g R3
999 _c1230580
_d1230580